Представление документа в формате MARC21

Поле Инд. ПП Название Значение
Тип записи a
Библиографический уровень m
001 Контрольный номер RU/LIBMSTU/368895600
005 Дата корректировки 20160523090910.2
008 Кодируемые данные 110916|||||||||ru |||||||||||000|||rus||
020 a ISBN 978-5-8243-1536-3
c Цена, тираж 47-67
040 b Код языка каталог. rus
041 0_ a Код языка текста rus
084 a Индекс другой классификации/Индекс ББК 63.3(2)631
090 a Полочн. индекс 63.3(2)6
x Авторский знак Х 55
100 1_ a Автор Хлевнюк О. В.
245 10 a Заглавие Холодный мир
b Продолж. заглавия Сталин и завершение сталинской диктатуры
c Ответственность [пер. с англ. А. А. Пешкова] ; Уполномоч. по правам человека в Рос. Федерации [и др.]
260 a Место издания Москва
b Издательство РОССПЭН
b Издательство Фонд "Президентский центр Б. Н. Ельцина"
c Дата издания 2011
300 a Объем 229, [2] с.
b Иллюстрации/ тип воспроизводства [8] л. фото
440 _0 a Серия История сталинизма / ред. Й. Баберовски [и др.]
504 a Библиография Библиогр. в тексте
600 14 a Персоналии Сталин И. В., российский революционер, советский политический, государственный, военный и партийный деятель
600 34 a Персоналии Маленков Г. М., советский политик
600 34 a Персоналии Молотов В. М., революционер, политик
600 34 a Персоналии Берия Л. П., революционер, политик
600 34 a Персоналии Жданов А. А., советский государственный деятель
650 04 a Основная рубрика Политические репрессии в СССР-История, 1945-1953
653 0_ a Ключевые слова Диктатура сталинская
a Ключевые слова Репрессии политические
a Ключевые слова Сталинизм
a Ключевые слова Сталинская политика
700 12 a Другие авторы Горлицкий Й.
901 t Тип документа m